[Event "ch-FRA Accession 2014"]
[Site "Nimes FRA"]
[Date "2014.08.18"]
[Round "2.8"]
[White "Le Corre, Benjamin"]
[Black "Barbot, Pierre1"]
[Result "0-1"]
[WhiteTitle "FM"]
[BlackTitle "FM"]
[WhiteElo "2266"]
[BlackElo "2409"]
[WhiteFideId "639605"]
[BlackFideId "663727"]
[EventDate "2014.08.17"]
[EventType "swiss"]

1. e4 c5 2. Nf3 g6 3. d4 cxd4 4. Nxd4 Bg7 5. Nc3 Nc6 6. Be3 Nf6 7. Bc4 O-O 8.
Bb3 a5 9. O-O a4 10. Nxa4 Nxe4 11. Nxc6 bxc6 12. Bb6 Qe8 13. Re1 d5 14. c3 Rb8
15. f3 Nf6 16. Ba7 Rb7 17. Bd4 Nd7 18. Bxg7 Kxg7 19. c4 Nf6 20. cxd5 cxd5 21.
Qd4 Qd8 22. Rac1 Qd6 23. Nc5 Rd8 24. Nd3 Bf5 25. Ne5 Rb4 26. Qc5 Qxc5+ 27. Rxc5
Rb7 28. Rd1 Rc8 29. Rxc8 Bxc8 30. Rc1 Bd7 31. Kf2 e6 32. Ke3 Kf8 33. g4 h6 34.
h4 Be8 35. Rc8 Ke7 36. g5 hxg5 37. hxg5 Nh5 38. Kd4 Ng7 39. Nd3 Kd6 40. f4 Bd7
41. Rh8 Nf5+ 42. Kc3 Ng3 43. Ne5 Bb5 44. Kd2 Ne4+ 45. Ke3 Nxg5 46. Nxg6 fxg6 47.
fxg5 Ke5 48. Bc2 d4+ 49. Kd2 Bc6 50. Rc8 Be4 51. Rc5+ Kf4 52. b3 Rh7 53. a4 Rh2+
54. Kc1 d3 0-1

[Event "ch-FRA Accession 2014"]
[Site "Nimes FRA"]
[Date "2014.08.18"]
[Round "2.9"]
[White "Navrotescu, Catalin"]
[Black "Mirimanian, Hayk"]
[Result "1-0"]
[WhiteTitle "IM"]
[WhiteElo "2406"]
[BlackElo "2260"]
[WhiteFideId "1200208"]
[BlackFideId "4700180"]
[EventDate "2014.08.17"]
[EventType "swiss"]

1. c4 d6 2. Nc3 e5 3. g3 Nc6 4. Bg2 Be6 5. d3 g6 6. e4 Bg7 7. Nge2 Qd7 8. Nd5
Nd8 9. h3 c6 10. d4 exd4 11. Nxd4 Bxd5 12. cxd5 c5 13. Nf3 Ne7 14. O-O O-O 15.
Re1 f6 16. b4 b6 17. Bb2 Nf7 18. Qb3 Rfc8 19. Rac1 a5 20. bxc5 bxc5 21. Qc4 Rcb8
22. Bc3 Qb5 23. Nd2 Qxc4 24. Nxc4 Ne5 25. Bxe5 dxe5 26. h4 Ra6 27. Rb1 Rb4 28.
a3 Ra4 29. Rb8+ Bf8 30. Bf1 Ra7 31. Reb1 f5 32. Re8 1-0

[Event "ch-FRA Accession 2014"]
[Site "Nimes FRA"]
[Date "2014.08.18"]
[Round "2.10"]
[White "Mouhamad, Joachin"]
[Black "Song, Julien"]
[Result "1/2-1/2"]
[BlackTitle "IM"]
[WhiteElo "2224"]
[BlackElo "2403"]
[WhiteFideId "656410"]
[BlackFideId "659487"]
[EventDate "2014.08.17"]
[EventType "swiss"]

1. e4 e5 2. Nf3 Nc6 3. Bc4 Bc5 4. O-O Nf6 5. d4 exd4 6. e5 d5 7. Bb5 Ne4 8. Nxd4
O-O 9. Bxc6 bxc6 10. Be3 Qe8 11. Nd2 Nxd2 12. Qxd2 Qxe5 13. Nxc6 Bxe3 14. Qxe3
Qd6 15. Ne7+ Kh8 16. Nxc8 Rfxc8 17. Rfe1 Kg8 18. Qe7 Rd8 19. Qxd6 Rxd6 20. Re7
Rc6 21. c3 Rd8 22. Rae1 Kf8 23. h4 h5 24. R1e2 g6 25. g3 d4 26. cxd4 Rxd4 27.
Kg2 a5 28. R7e5 a4 29. Re8+ Kg7 30. R8e4 Rcc4 31. Rxd4 Rxd4 32. Rc2 Rb4 33. b3
axb3 34. axb3 Rxb3 35. Rxc7 Ra3 36. Rb7 Rc3 37. Rd7 Ra3 38. Rb7 1/2-1/2

[Event "ch-FRA Accession 2014"]
[Site "Nimes FRA"]
[Date "2014.08.18"]
[Round "2.11"]
[White "Weller, Jean-Luc"]
[Black "Brochet, Philippe"]
[Result "0-1"]
[BlackTitle "IM"]
[WhiteElo "2203"]
[BlackElo "2400"]
[WhiteFideId "421936"]
[BlackFideId "602469"]
[EventDate "2014.08.17"]
[EventType "swiss"]

1. d4 d5 2. c4 dxc4 3. e3 e5 4. Bxc4 Nc6 5. Nf3 e4 6. Nfd2 Qg5 7. g3 Nf6 8. Nc3
Bb4 9. d5 Bxc3 10. dxc6 Bxd2+ 11. Bxd2 b5 12. Be2 Bh3 13. Qb3 a6 14. Bb4 a5 15.
Bd2 b4 16. O-O-O Bg4 17. Bxg4 Nxg4 18. Be1 Qc5+ 19. Qc2 Qxc2+ 20. Kxc2 Ra6 21.
Rd5 Rxc6+ 22. Kb1 Ra6 23. a3 O-O 24. h3 Nf6 25. Rc5 Rb8 26. Rxc7 bxa3 27. Ka2
Rab6 28. Bc3 Nd5 29. Rc5 axb2 30. Be5 Nb4+ 31. Kb1 Rb5 32. Bxb8 Rxc5 33. Kxb2
Nd3+ 34. Ka3 Nxf2 35. Rb1 h5 36. Ba7 Rg5 37. h4 Rxg3 38. Rb5 Ng4 0-1

[Event "ch-FRA Accession 2014"]
[Site "Nimes FRA"]
[Date "2014.08.18"]
[Round "2.12"]
[White "Collas, Didier"]
[Black "Mancini, Mario"]
[Result "0-1"]
[WhiteTitle "IM"]
[BlackTitle "FM"]
[WhiteElo "2362"]
[BlackElo "2209"]
[WhiteFideId "602680"]
[BlackFideId "605077"]
[EventDate "2014.08.17"]
[EventType "swiss"]

1. Nf3 Nf6 2. c4 e6 3. Nc3 c5 4. g3 b6 5. Bg2 Bb7 6. O-O Be7 7. d4 cxd4 8. Qxd4
Nc6 9. Qf4 a6 10. e4 d6 11. b3 O-O 12. Bb2 Rc8 13. Rfd1 Qc7 14. Rac1 Qb8 15. h3
Ba8 16. Qe3 Rfd8 17. Bf1 Qb7 18. Re1 Re8 19. Rcd1 Bf8 20. Ba3 Red8 21. Rd2 Nb8
22. Bb2 Nbd7 23. Nd4 g6 24. f4 e5 25. Nf3 Nh5 26. Kh2 Bh6 27. Nd5 Nc5 28. Qc3 f6
29. Rf2 Bg7 30. f5 gxf5 31. exf5 Qa7 32. Rd2 Bh6 33. g4 Bxd5 34. Rxd5 Nf4 35.
Qd2 Bf8 36. Bg2 Nxd5 37. Qxd5+ Qf7 38. Rd1 Qxd5 39. Rxd5 Bh6 40. Ne1 Rc7 41. Rd1
Bf4+ 42. Kg1 Kf8 43. Kf2 b5 44. Bd5 bxc4 45. Bxc4 a5 46. Ba3 Ne4+ 47. Kg2 Ke7
48. Rd5 Nd2 49. Bd3 e4 50. Bxe4 Nxe4 51. Rd4 Be5 52. Rxe4 Rc3 53. h4 Kf7 54. Nf3
Rc2+ 55. Kh3 Rxa2 0-1

[Event "ch-FRA Accession 2014"]
[Site "Nimes FRA"]
[Date "2014.08.18"]
[Round "2.13"]
[White "Danielian, Kevin"]
[Black "Favarel, Antoine"]
[Result "0-1"]
[BlackTitle "FM"]
[WhiteElo "1946"]
[BlackElo "2362"]
[WhiteFideId "26028867"]
[BlackFideId "642371"]
[EventDate "2014.08.17"]
[EventType "swiss"]

1. d4 Nf6 2. c4 e6 3. Nc3 Bb4 4. e3 O-O 5. Bd3 d5 6. Nf3 c5 7. O-O Nc6 8. a3 Ba5
9. cxd5 exd5 10. dxc5 Bxc3 11. bxc3 Bg4 12. Be2 Qe7 13. Bb2 Qxc5 14. c4 dxc4 15.
Bxf6 gxf6 16. Qc2 b5 17. Qe4 Bxf3 18. Qxf3 Kg7 19. h4 Rad8 20. Rfd1 Rxd1+ 21.
Rxd1 Rd8 22. Qg4+ Kf8 23. Rxd8+ Nxd8 24. Qe4 h6 25. Qa8 Ke7 26. a4 c3 27. Qe4+
Ne6 28. Qc2 b4 29. Bd1 Qc4 30. g3 Nc5 31. Be2 Qe4 32. Qc1 Nb3 33. Qe1 c2 0-1

[Event "ch-FRA Accession 2014"]
[Site "Nimes FRA"]
[Date "2014.08.18"]
[Round "2.14"]
[White "Le Goff, Ronan"]
[Black "Demuth, Adrien"]
[Result "0-1"]
[BlackTitle "IM"]
[WhiteElo "2143"]
[BlackElo "2518"]
[WhiteFideId "612073"]
[BlackFideId "642274"]
[EventDate "2014.08.17"]
[EventType "swiss"]

1. d4 Nf6 2. Nf3 g6 3. Nc3 d5 4. Bf4 Bg7 5. e3 O-O 6. Be2 c5 7. Ne5 Nc6 8. O-O
cxd4 9. exd4 Bf5 10. Bb5 Nxe5 11. Bxe5 Ne4 12. Nxe4 Bxe5 13. Nc5 Qb6 14. dxe5
Qxc5 15. Bd3 Bxd3 16. Qxd3 Rfd8 17. Rfe1 Rac8 18. Re2 Qc4 19. Qxc4 dxc4 20. c3
g5 21. g3 Kg7 22. Kg2 Kg6 23. Rae1 Rd3 24. g4 Rcd8 25. Re4 b5 26. R1e2 a6 27. h3
Rd1 28. b3 cxb3 29. axb3 Rc1 30. c4 Rdd1 31. Ra2 Rg1+ 32. Kf3 Rh1 33. Rxa6+ e6
34. cxb5 Rxh3+ 35. Kg2 Rxb3 36. b6 Rc2 37. Re1 Rbb2 38. Rf1 Re2 39. Ra5 Rxb6 40.
Kg3 Rbb2 41. Rc5 h6 42. Ra5 Rb3+ 43. f3 Rbe3 44. Ra8 Rxe5 45. Rc1 Rd5 46. Rg8+
Kf6 47. Rh8 Rdd2 48. Rxh6+ Kg7 49. Rhh1 Rg2+ 50. Kh3 f5 51. gxf5 exf5 52. Rcg1
Rxg1 53. Rxg1 Kf6 54. Ra1 Ke5 55. Kg3 f4+ 56. Kh3 Kd4 57. Kg4 Rg2+ 58. Kf5 Ke3
59. Ra3+ Kf2 60. Rb3 Rg1 61. Ra3 Rg2 62. Rb3 Rg1 63. Ra3 Kg3 64. Kxg5 Rf1 65.
Kf5 Rxf3 66. Ra1 Rb3 67. Rg1+ Kf2 68. Ra1 f3 69. Kg4 Kg2 70. Kf4 f2 0-1

[Event "ch-FRA Accession 2014"]
[Site "Nimes FRA"]
[Date "2014.08.18"]
[Round "2.15"]
[White "Wirig, Anthony"]
[Black "Chandesris, Ludovic"]
[Result "1-0"]
[WhiteTitle "GM"]
[WhiteElo "2506"]
[BlackElo "2212"]
[WhiteFideId "615013"]
[BlackFideId "20640943"]
[EventDate "2014.08.17"]
[EventType "swiss"]

1. d4 Nf6 2. Nc3 d5 3. Bf4 c6 4. e3 Nbd7 5. Nf3 e6 6. Bd3 Be7 7. Ne5 Nxe5 8.
Bxe5 Bd6 9. Bxd6 Qxd6 10. f4 b6 11. g4 Bb7 12. g5 Nd7 13. Qf3 a5 14. O-O-O Ba6
15. Bxa6 Rxa6 16. e4 Ra8 17. f5 Kd8 18. h4 Kc7 19. Kb1 g6 20. h5 gxf5 21. exd5
exd5 22. Qxf5 Rag8 23. Rde1 f6 24. gxf6 Qxf6 25. Qd3 Re8 26. Ref1 Qe6 27. a3 Re7
28. Qa6 Rg8 29. Rf2 Rb8 30. Rhf1 Rb7 31. Qd3 Rb8 32. Qg3+ Qd6 33. Qh4 Rbe8 34.
Rf5 Re6 35. Rxd5 Qe7 36. Qf4+ Kb7 37. Rf5 Re1+ 38. Rxe1 Qxe1+ 39. Ka2 Re7 40. d5
Ka6 41. Qc4+ 1-0

[Event "ch-FRA Accession 2014"]
[Site "Nimes FRA"]
[Date "2014.08.19"]
[Round "3.1"]
[White "Lagarde, Maxime"]
[Black "Brochet, Philippe"]
[Result "1-0"]
[WhiteTitle "GM"]
[BlackTitle "IM"]
[WhiteElo "2534"]
[BlackElo "2400"]
[WhiteFideId "662399"]
[BlackFideId "602469"]
[EventDate "2014.08.17"]
[EventType "swiss"]

1. c4 e5 2. Nc3 Nc6 3. Nf3 g6 4. d4 exd4 5. Nd5 Nf6 6. Nxd4 Nxd5 7. cxd5 Qf6 8.
Nb5 Bb4+ 9. Nc3 Ne5 10. Qb3 Ba5 11. e3 O-O 12. Be2 d6 13. O-O a6 14. Bd2 Qh4 15.
Rac1 Bd7 16. f4 Ng4 17. Bxg4 Bxg4 18. Ne4 Bxd2 19. Nxd2 Qe7 20. e4 Rab8 21. h3
Bc8 22. Rce1 c6 23. Nc4 Bd7 24. f5 cxd5 25. exd5 Qf6 26. fxg6 Qd4+ 27. Kh1 Qxd5
28. Rd1 Qh5 29. gxf7+ 1-0

[Event "ch-FRA Accession 2014"]
[Site "Nimes FRA"]
[Date "2014.08.19"]
[Round "3.2"]
[White "Battaglini, Gabriel"]
[Black "Favarel, Antoine"]
[Result "1/2-1/2"]
[WhiteTitle "IM"]
[BlackTitle "FM"]
[WhiteElo "2431"]
[BlackElo "2362"]
[WhiteFideId "621650"]
[BlackFideId "642371"]
[EventDate "2014.08.17"]
[EventType "swiss"]

1. d4 Nf6 2. c4 e6 3. Nc3 Bb4 4. g3 d5 5. Bg2 O-O 6. Nf3 dxc4 7. O-O Nc6 8. a3
Be7 9. e4 Na5 10. Qe2 Nb3 11. e5 Nd5 12. Rb1 Nxc3 13. bxc3 Nxc1 14. Rfxc1 Rb8
15. Qxc4 c5 16. dxc5 Qc7 17. c6 Bxa3 18. Rd1 bxc6 19. Ra1 Be7 20. Nd4 Bd7 21.
Ra6 Rb6 22. Rda1 Rxa6 23. Rxa6 Qxe5 24. Rxa7 Qd6 25. Nxc6 Bxc6 26. Bxc6 Rc8 27.
Ra8 Rxa8 28. Bxa8 g6 29. Qd4 Qxd4 30. cxd4 Bf6 31. d5 exd5 32. Bxd5 Bd4 33. Bf3
Bf6 34. Bd5 Bd4 35. Bf3 Bf6 36. Bd5 1/2-1/2

[Event "ch-FRA Accession 2014"]
[Site "Nimes FRA"]
[Date "2014.08.19"]
[Round "3.3"]
[White "Bellahcene, Bilel"]
[Black "Moussard, Jules"]
[Result "1/2-1/2"]
[WhiteTitle "FM"]
[BlackTitle "IM"]
[WhiteElo "2357"]
[BlackElo "2423"]
[WhiteFideId "696358"]
[BlackFideId "642908"]
[EventDate "2014.08.17"]
[EventType "swiss"]

1. d4 d6 2. Nf3 g6 3. g3 Bg7 4. Bg2 Nf6 5. O-O O-O 6. a4 Nc6 7. a5 e5 8. a6 e4
9. Nfd2 Qe7 10. axb7 Bxb7 11. e3 a5 12. b3 Bc8 13. h3 h5 14. Nc4 Be6 15. Nc3 Bf5
16. Kh2 Rfe8 17. Ne2 d5 18. Ba3 Qd7 19. Nb2 Nd8 20. Na4 Ne6 21. Nc5 Nxc5 22.
Bxc5 Nh7 23. Qd2 Ng5 24. Ng1 a4 25. Rxa4 Rxa4 26. bxa4 Qxa4 27. Qc3 Ra8 28. Rb1
Qa2 29. Rb2 Qa1 30. Be7 Ne6 31. Qc6 Kh7 32. Rb3 Ra6 33. Qxd5 Qe1 34. Ba3 Qxf2
35. Qb5 Rb6 36. Qe2 Qxe2 37. Nxe2 Rc6 38. Rc3 Rxc3 39. Nxc3 c5 40. Nxe4 cxd4 1/2-1/2

[Event "ch-FRA Accession 2014"]
[Site "Nimes FRA"]
[Date "2014.08.19"]
[Round "3.4"]
[White "Barbot, Pierre1"]
[Black "Duboue, Peio"]
[Result "1-0"]
[WhiteTitle "FM"]
[WhiteElo "2409"]
[BlackElo "2272"]
[WhiteFideId "663727"]
[BlackFideId "654833"]
[EventDate "2014.08.17"]
[EventType "swiss"]

1. d4 d5 2. Nf3 Nf6 3. c4 dxc4 4. e3 c5 5. Bxc4 e6 6. O-O cxd4 7. exd4 Be7 8.
Qe2 O-O 9. Nc3 a6 10. a4 Nc6 11. Rd1 Nb4 12. Ne5 Nbd5 13. Qf3 Rb8 14. Bg5 Nxc3
15. bxc3 Nd5 16. Bd2 Bd6 17. Bxd5 Bxe5 18. dxe5 Qxd5 19. Qg3 Qe4 20. Be3 Qg6 21.
Qxg6 hxg6 22. Bc5 Re8 23. a5 g5 24. Bb6 Kh7 25. Ra4 Kg6 26. Rad4 Ra8 27. g4 f6
28. Rd8 Rxd8 29. Rxd8 fxe5 30. f3 Kf6 31. Kf2 g6 32. Ke3 Rb8 33. Kd3 Ra8 34. Ke4
Rb8 35. Ke3 Ra8 36. Kd3 Rb8 37. Kc4 Ra8 38. Kc5 e4 39. Kd6 exf3 40. Rf8+ Kg7 41.
Rxf3 e5 42. h3 e4 43. Rf2 Kg8 44. Ke7 e3 45. Rf8+ 1-0

[Event "ch-FRA Accession 2014"]
[Site "Nimes FRA"]
[Date "2014.08.19"]
[Round "3.5"]
[White "Mancini, Mario"]
[Black "Navrotescu, Catalin"]
[Result "1-0"]
[WhiteTitle "FM"]
[BlackTitle "IM"]
[WhiteElo "2209"]
[BlackElo "2406"]
[WhiteFideId "605077"]
[BlackFideId "1200208"]
[EventDate "2014.08.17"]
[EventType "swiss"]

1. d4 Nf6 2. c4 g6 3. g3 Bg7 4. Bg2 O-O 5. Nc3 d6 6. Nf3 Nc6 7. O-O Rb8 8. d5
Na5 9. b3 c6 10. dxc6 bxc6 11. Bd2 c5 12. Rc1 Nc6 13. Bf4 h6 14. Qd2 g5 15. Be3
Qd7 16. Rfd1 Rb6 17. h4 g4 18. Ne1 Kh7 19. Nc2 Qf5 20. Qe1 Qg6 21. Bd2 Bd7 22.
Ne3 Rbb8 23. Ned5 Nxd5 24. Nxd5 e5 25. e3 Bf5 26. Bc3 Be4 27. Qe2 f5 28. Bxe4
fxe4 29. Be1 a5 30. Qc2 Nb4 31. Bxb4 axb4 32. Ne7 Qf7 33. Qxe4+ Kh8 34. Ng6+ Kg8
35. Nxf8 Rxf8 36. Rc2 1-0

[Event "ch-FRA Accession 2014"]
[Site "Nimes FRA"]
[Date "2014.08.19"]
[Round "3.6"]
[White "Demuth, Adrien"]
[Black "Lazarev, Vladimir"]
[Result "1-0"]
[WhiteTitle "IM"]
[BlackTitle "GM"]
[WhiteElo "2518"]
[BlackElo "2400"]
[WhiteFideId "642274"]
[BlackFideId "4113250"]
[EventDate "2014.08.17"]
[EventType "swiss"]

1. Nf3 d5 2. c4 e6 3. g3 dxc4 4. Bg2 Nf6 5. Na3 Bxa3 6. bxa3 Nc6 7. Bb2 Qd6 8.
Qc2 e5 9. Qxc4 O-O 10. O-O Be6 11. Qc2 h6 12. d3 Rab8 13. Rfc1 Rfc8 14. Qa4 Nd7
15. Rc2 Bd5 16. Rac1 a6 17. Qh4 Re8 18. Nd2 Bxg2 19. Kxg2 Nd4 20. Bxd4 exd4 21.
Rxc7 Nf6 22. Ne4 Nxe4 23. dxe4 Qxa3 24. R1c2 Qd6 25. Qg4 d3 26. Qf3 f5 27. exd3
Rbd8 28. Qxf5 Rf8 29. Qg4 Qf6 30. Qe2 b5 31. R7c6 Qd4 32. Rxa6 Qxd3 33. Qxd3
Rxd3 34. Rb6 Rd4 35. e5 b4 36. Rb2 Ra8 37. R6xb4 Rxb4 38. Rxb4 Rxa2 39. h4 Re2
40. Rb5 Kf7 41. Kf3 Re1 42. Kf4 1-0

[Event "ch-FRA Accession 2014"]
[Site "Nimes FRA"]
[Date "2014.08.19"]
[Round "3.7"]
[White "Houriez, Clement"]
[Black "Wirig, Anthony"]
[Result "1/2-1/2"]
[WhiteTitle "FM"]
[BlackTitle "GM"]
[WhiteElo "2295"]
[BlackElo "2506"]
[WhiteFideId "649708"]
[BlackFideId "615013"]
[EventDate "2014.08.17"]
[EventType "swiss"]

1. d4 Nf6 2. c4 e6 3. Nf3 d5 4. g3 Be7 5. Bg2 c6 6. Qc2 b6 7. O-O O-O 8. b3 Nbd7
9. Bb2 Bb7 10. Nbd2 c5 11. Rac1 Rc8 12. Qb1 dxc4 13. Nxc4 b5 14. Ne3 Qb6 15. Qa1
Be4 16. dxc5 Bxc5 17. Bd4 Bxf3 18. Bxc5 Rxc5 19. Bxf3 Rfc8 20. b4 R5c7 21. Rxc7
Qxc7 22. a4 bxa4 23. Qxa4 Rb8 24. Ra1 g6 25. Qxa7 Qxa7 26. Rxa7 Rxb4 27. Ra1 Rb8
28. Rc1 Rd8 29. Ra1 Rb8 30. Rc1 Rd8 31. Ra1 Rb8 1/2-1/2

[Event "ch-FRA Accession 2014"]
[Site "Nimes FRA"]
[Date "2014.08.19"]
[Round "3.8"]
[White "Bricard, Emmanuel"]
[Black "Buscara, Sevan"]
[Result "1/2-1/2"]
[WhiteTitle "GM"]
[BlackTitle "FM"]
[WhiteElo "2457"]
[BlackElo "2348"]
[WhiteFideId "600245"]
[BlackFideId "650234"]
[EventDate "2014.08.17"]
[EventType "swiss"]

1. d4 g6 2. e4 Bg7 3. Nc3 d6 4. Be3 a6 5. a4 Nc6 6. Nf3 Bg4 7. Be2 e5 8. dxe5
Nxe5 9. Nxe5 Bxe2 10. Qxe2 Bxe5 11. O-O Qd7 12. Nd5 Ne7 13. Bh6 f5 14. exf5 Nxd5
15. f4 Nxf4 16. Bxf4 O-O-O 17. Bxe5 Rhe8 18. f6 Rxe5 19. Qf2 Kb8 20. b3 Rf8 21.
Rae1 Qe6 22. Rxe5 dxe5 23. h3 e4 24. Qe3 Rxf6 25. Rxf6 Qxf6 26. Qxe4 Qd6 27.
Qe8+ Ka7 28. Qe3+ Kb8 29. Qe8+ Ka7 30. Qe3+ 1/2-1/2

[Event "ch-FRA Accession 2014"]
[Site "Nimes FRA"]
[Date "2014.08.19"]
[Round "3.9"]
[White "Samoun, Florent"]
[Black "Velten, Paul"]
[Result "0-1"]
[BlackTitle "IM"]
[WhiteElo "2173"]
[BlackElo "2437"]
[WhiteFideId "664995"]
[BlackFideId "681091"]
[EventDate "2014.08.17"]
[EventType "swiss"]

1. Nf3 Nf6 2. c4 b6 3. g3 Bb7 4. Bg2 g6 5. O-O Bg7 6. Nc3 O-O 7. d4 Ne4 8. Nxe4
Bxe4 9. Be3 c5 10. Qd2 d6 11. Bh6 Nc6 12. Bxg7 Kxg7 13. d5 Bxf3 14. Bxf3 Ne5 15.
Bg2 Rb8 16. f4 Nd7 17. a4 a6 18. e4 b5 19. axb5 axb5 20. cxb5 Rxb5 21. Ra7 Rb4
22. Qc3+ Kg8 23. e5 Rd4 24. exd6 exd6 25. f5 Ne5 26. Qc1 Re8 27. Bh3 Re7 28. Ra6
gxf5 29. Bxf5 Ng6 30. Qa1 Re8 31. Ra7 Rf8 32. Bxg6 hxg6 33. Qe1 Re8 34. Qf2 f5
35. Qf3 Qf6 36. Qb3 Rd2 37. Qf3 Qd4+ 38. Kh1 Ree2 39. Ra8+ Kg7 40. Ra7+ Kh6 0-1

[Event "ch-FRA Accession 2014"]
[Site "Nimes FRA"]
[Date "2014.08.19"]
[Round "3.10"]
[White "Song, Julien"]
[Black "Kambrath, Yannick"]
[Result "1/2-1/2"]
[WhiteTitle "IM"]
[BlackTitle "FM"]
[WhiteElo "2403"]
[BlackElo "2288"]
[WhiteFideId "659487"]
[BlackFideId "20632525"]
[EventDate "2014.08.17"]
[EventType "swiss"]

1. d4 Nf6 2. c4 g6 3. Nc3 d5 4. cxd5 Nxd5 5. g3 Bg7 6. Bg2 Nxc3 7. bxc3 c5 8.
Nf3 Nc6 9. O-O cxd4 10. cxd4 Nxd4 11. Nxd4 Qxd4 12. Rb1 O-O 13. Be3 Qc4 14. Bd5
Qa6 15. Qb3 Rb8 16. Bc5 Bf6 17. e4 Be6 18. Bxe6 fxe6 19. e5 Bxe5 20. Rfe1 Rf5
21. f4 Bd6 22. Qxe6+ Rf7 23. Bd4 Rd8 24. Rbd1 Qa4 25. Bf2 a6 26. Rc1 Qd7 27. Qb3
Rc8 28. a4 Rc6 29. Rxc6 Qxc6 30. Rb1 e5 31. fxe5 Bc5 32. Rf1 Bxf2+ 33. Rxf2 Qc1+
34. Kg2 Qc6+ 35. Kg1 Qc1+ 36. Kg2 Qc6+ 37. Kg1 Qc1+ 38. Kg2 Qc6+ 1/2-1/2

[Event "ch-FRA Accession 2014"]
[Site "Nimes FRA"]
[Date "2014.08.19"]
[Round "3.11"]
[White "Apicella, Manuel"]
[Black "Mouhamad, Joachin"]
[Result "1/2-1/2"]
[WhiteTitle "GM"]
[WhiteElo "2520"]
[BlackElo "2224"]
[WhiteFideId "600164"]
[BlackFideId "656410"]
[EventDate "2014.08.17"]
[EventType "swiss"]

1. c4 e5 2. Nc3 Nc6 3. g3 g6 4. Bg2 Bg7 5. d3 d6 6. Nf3 Be6 7. O-O h6 8. Nd5 Qd7
9. Rb1 Nd8 10. e4 c6 11. Nc3 Ne7 12. b3 Bg4 13. Be3 Ne6 14. h3 Bxf3 15. Qxf3 O-O
16. h4 Nd4 17. Bxd4 exd4 18. Ne2 Qc7 19. h5 g5 20. Qg4 Qa5 21. Rb2 f5 22. exf5
Qxf5 23. Qxf5 Rxf5 24. Be4 Re5 25. Rd2 Re6 26. Bf3 d5 27. Bg4 Rd6 28. c5 Rdd8
29. f4 Rf8 30. Be6+ Kh7 31. Kg2 Rf6 32. Nxd4 gxf4 33. gxf4 Rff8 34. Ne2 Nf5 35.
Bxf5+ Rxf5 36. Ng3 Rf7 37. Re2 Bd4 38. b4 a5 39. a3 axb4 40. axb4 1/2-1/2

[Event "ch-FRA Accession 2014"]
[Site "Nimes FRA"]
[Date "2014.08.19"]
[Round "3.12"]
[White "Meynard, Thibault"]
[Black "Sochacki, Christophe"]
[Result "1-0"]
[BlackTitle "IM"]
[WhiteElo "2237"]
[BlackElo "2431"]
[WhiteFideId "625493"]
[BlackFideId "662569"]
[EventDate "2014.08.17"]
[EventType "swiss"]

1. d4 Nf6 2. Nf3 g6 3. g3 Bg7 4. Bg2 O-O 5. O-O d5 6. b3 c5 7. e3 cxd4 8. exd4
Nc6 9. Bb2 Bf5 10. a3 a5 11. Nc3 Ne4 12. Ne2 a4 13. Nh4 axb3 14. cxb3 Qb6 15.
Nxf5 gxf5 16. Qd3 Na5 17. b4 Nc4 18. Bc1 Rac8 19. Ra2 Rc6 20. f3 Ned6 21. Kh1 e6
22. Bg5 Rfc8 23. h4 Ne8 24. g4 Ncd6 25. Bh3 fxg4 26. Bxg4 Qa6 27. Qd2 Nc4 28.
Qf4 Nxa3 29. Bh5 R8c7 30. Rg1 Kf8 31. Bh6 e5 32. Bxg7+ Nxg7 33. Qg5 f6 34. Qh6
f5 35. Qg5 Re7 36. b5 Nxb5 37. Rxa6 bxa6 38. dxe5 d4 39. Nf4 Nc3 40. e6 1-0

[Event "ch-FRA Accession 2014"]
[Site "Nimes FRA"]
[Date "2014.08.19"]
[Round "3.13"]
[White "Meunier, Clement2"]
[Black "Dionisi, Thomas"]
[Result "1-0"]
[BlackTitle "FM"]
[WhiteElo "2219"]
[BlackElo "2400"]
[WhiteFideId "20667930"]
[BlackFideId "651893"]
[EventDate "2014.08.17"]
[EventType "swiss"]

1. d4 f5 2. c4 g6 3. Nc3 Nf6 4. h4 Bg7 5. h5 Nxh5 6. e4 Nf6 7. exf5 gxf5 8. Bd3
e6 9. Bg5 Nc6 10. Nf3 Qe7 11. Qe2 b6 12. O-O-O Bb7 13. Rhe1 O-O-O 14. d5 Nb4 15.
Bxf5 Qc5 16. Bb1 exd5 17. Qe7 d4 18. Qxg7 Bxf3 19. gxf3 Nh5 20. Qe5 dxc3 21.
Qxc5 cxb2+ 22. Kxb2 bxc5 23. Bxd8 Kxd8 24. Re5 Nf4 25. Rxc5 Ne6 26. Rf5 Ke7 27.
Kc3 c5 28. Rh5 h6 29. f4 Nc6 30. f5 Nf4 31. f6+ Ke6 32. Re1+ Kd6 33. Rf5 Ne6 34.
Rd5+ Kc7 35. Bf5 Ncd4 36. Rxc5+ Nxc5 37. Kxd4 Kd6 38. Re5 Ne6+ 39. Bxe6 dxe6 40.
Ra5 h5 41. Ra6+ Kd7 42. Rxa7+ Kd6 43. c5+ Kc6 44. Ra6+ Kd7 45. Rd6+ Kc7 46. Rxe6
h4 47. Re7+ Kc6 48. f7 h3 49. Re8 Rh4+ 50. Kc3 h2 51. f8=Q h1=Q 52. Qd6+ 1-0

[Event "ch-FRA Accession 2014"]
[Site "Nimes FRA"]
[Date "2014.08.19"]
[Round "3.14"]
[White "Pieroni, Guillaume"]
[Black "Collas, Didier"]
[Result "0-1"]
[BlackTitle "IM"]
[WhiteElo "2218"]
[BlackElo "2362"]
[WhiteFideId "627933"]
[BlackFideId "602680"]
[EventDate "2014.08.17"]
[EventType "swiss"]

1. e4 e5 2. d4 exd4 3. Qxd4 Nc6 4. Qe3 Nf6 5. Nc3 Bb4 6. Bd2 O-O 7. O-O-O Re8 8.
Qg3 Nxe4 9. Nxe4 Rxe4 10. Bf4 Qf6 11. Bxc7 d6 12. Be2 Nd4 13. Bd3 Rg4 14. Qe3
Ne6 15. Be2 Bc5 0-1

[Event "ch-FRA Accession 2014"]
[Site "Nimes FRA"]
[Date "2014.08.19"]
[Round "3.15"]
[White "Burri, Quentin"]
[Black "Giroyan, Gary"]
[Result "1-0"]
[BlackTitle "IM"]
[WhiteElo "2211"]
[BlackElo "2359"]
[WhiteFideId "26028654"]
[BlackFideId "680281"]
[EventDate "2014.08.17"]
[EventType "swiss"]

1. e4 c5 2. Nf3 e6 3. d4 cxd4 4. Nxd4 d6 5. Nc3 a6 6. Be3 b5 7. Qd2 Bb7 8. f3
Nf6 9. g4 Nfd7 10. Bg2 Nb6 11. b3 N8d7 12. O-O Rc8 13. f4 Qc7 14. Nd1 Be7 15.
Rc1 Nc5 16. Nf2 Bh4 17. Rfe1 O-O 18. Kh1 d5 19. e5 Ne4 20. Qe2 Qc3 21. Red1 Qxe3
22. Qxe3 Bxf2 23. Qe2 Rc3 24. Rd3 Rfc8 25. Rcd1 R3c5 26. Nxb5 g5 27. Nd6 Rxc2
28. Qf1 Bc5 29. Nxe4 dxe4 30. Rd8+ Rxd8 31. Rxd8+ Kg7 32. fxg5 Bd4 33. Qf6# 1-0